GETS Theological Seminary Library

Generations of praise: (Record no. 13470)

MARC details
000 -LEADER
fixed length control field 00576nam a2200205Ia 4500
008 - FIXED-LENGTH DATA ELEMENTS--GENERAL INFORMATION
fixed length control field 200819s9999||||xx |||||||||||||| ||und||
020 ## - INTERNATIONAL STANDARD BOOK NUMBER
International Standard Book Number 0899009417
020 ## - INTERNATIONAL STANDARD BOOK NUMBER
International Standard Book Number 9780899009414
041 ## - LANGUAGE CODE
Language code of text/sound track or separate title eng
050 ## - LIBRARY OF CONGRESS CALL NUMBER
Classification number BV5
Item number .B88 2006
100 ## - MAIN ENTRY--PERSONAL NAME
Personal name Shields, Bruce
245 #0 - TITLE STATEMENT
Title Generations of praise:
Remainder of title the history of worship /
Statement of responsibility, etc. Bruce Shields, David A. Butzu
260 ## - PUBLICATION, DISTRIBUTION, ETC.
Place of publication, distribution, etc. Joplin, Mo. :
Name of publisher, distributor, etc. College Press Pub. Co.,
Date of publication, distribution, etc. 2006
300 ## - PHYSICAL DESCRIPTION
Extent 351 p.
Other physical details ;
Dimensions 23 cm.
650 ## - SUBJECT ADDED ENTRY--TOPICAL TERM
Topical term or geographic name entry element History.
650 ## - SUBJECT ADDED ENTRY--TOPICAL TERM
Topical term or geographic name entry element Worship History.
650 ## - SUBJECT ADDED ENTRY--TOPICAL TERM
Topical term or geographic name entry element Worship.
700 ## - ADDED ENTRY--PERSONAL NAME
Personal name Butzu, David A.
Holdings
Withdrawn status Lost status Damaged status Not for loan Home library Current library Shelving location Date acquired Total Checkouts Full call number Barcode Date last seen Price effective from Koha item type
        GETS Theological Seminary Library GETS Theological Seminary Library General Stacks 08/19/2020   BV5 .B88 2006 00003396 08/19/2020 08/19/2020 English Books
OpacCredits

Contact the Librarian, GETS Library
Email: library@mygets.org









Implemented by GETS Library
(Powered by ETCA Professional Group)
GETS Theological Seminary
412 E. Rowland Street, CA 91723